Produkcia vína vo svete a v EÚ v období rokov 1990-2010
Článok približuje ponukovú stranu trhu s vínom, rozdelenie celosvetovej produkcie vín medzi jednotlivé kontinenty. Skúma tiež trendy v produkcii vína vo vinárskych krajinách EÚ za posledných 20 rokov. Okrem posúdenia produkčných trendov analyzuje aj zmeny v štruktúre produkcie vína podľa farby a pod...
Enregistré dans:
| Auteur principal: | |
|---|---|
| Autres auteurs: | |
| Format: | Chapitre de livre |
| Langue: | slovaque |
| Sujets: | |
| Tags: |
Pas de tags, Soyez le premier à ajouter un tag!
|
MARC
| LEADER | 00000naa a2200000 4500 | ||
|---|---|---|---|
| 001 | 0142134 | ||
| 005 | 20231018092526.2 | ||
| 041 | 0 | |a slo | |
| 044 | |a SK | ||
| 245 | 1 | 0 | |a Produkcia vína vo svete a v EÚ v období rokov 1990-2010 |c Ema Lazorčáková, Viera Šajbidorová |
| 520 | |a Článok približuje ponukovú stranu trhu s vínom, rozdelenie celosvetovej produkcie vín medzi jednotlivé kontinenty. Skúma tiež trendy v produkcii vína vo vinárskych krajinách EÚ za posledných 20 rokov. Okrem posúdenia produkčných trendov analyzuje aj zmeny v štruktúre produkcie vína podľa farby a podľa akosti. | ||
| 610 | 2 | 0 | |a víno |
| 610 | 2 | 0 | |a produkcia |
| 610 | 2 | 0 | |a Európska únia |
| 610 | 2 | 0 | |a svet |
| 100 | 1 | |a Lazorčáková, Ema | |
| 700 | 1 | |a Šajbidorová, Viera | |